Central Library OPAC University of Rajshahi

The background of English literature, classical & romantic, (Record no. 17863)

MARC details
000 -LEADER
fixed length control field 00775cam a22002411 4500
001 - CONTROL NUMBER
control field 17863
003 - CONTROL NUMBER IDENTIFIER
rucl marc code BD-RjUL
005 - DATE AND TIME OF LATEST TRANSACTION
control field 20211209000214.0
008 - FIXED-LENGTH DATA ELEMENTS--GENERAL INFORMATION
fixed length control field 140219r19501934xx 000 0 eng
035 ## - SYSTEM CONTROL NUMBER
System control number (BD-RjUL)17921
040 ## - CATALOGING SOURCE
Original cataloging agency DLC
Transcribing agency FO
Modifying agency DLC
-- BD-RjUL
Language of cataloging eng
041 ## - LANGUAGE CODE
Language code of text/sound track or separate title eng
082 ## - DEWEY DECIMAL CLASSIFICATION NUMBER
Classification number 820.9
Author mark and year GRB 1950
Edition number 23
100 1# - MAIN ENTRY--PERSONAL NAME
Personal name Grierson, Herbert John Clifford,
Dates associated with a name 1866-1960.
9 (RLIN) 55128
245 14 - TITLE STATEMENT
Title The background of English literature, classical & romantic,
Remainder of title and other collected essays and addresses.
250 ## - EDITION STATEMENT
Edition statement 2nd ed.
260 ## - PUBLICATION, DISTRIBUTION, ETC. (IMPRINT)
Place of publication, distribution, etc. New York :
Name of publisher, distributor, etc. Barnes & Noble,
Date of publication, distribution, etc. c1925 [reprinted 1950]
300 ## - PHYSICAL DESCRIPTION
Pagination 290 p. ;
Size 21 cm.
490 0# - SERIES STATEMENT
Series statement University paperbacks
500 ## - GENERAL NOTE
General note "UP-43."
650 #0 - SUBJECT ADDED ENTRY--TOPICAL TERM
Topical term or geographic name as entry element English literature
General subdivision History and criticism.
9 (RLIN) 52967
942 ## - ADDED ENTRY ELEMENTS (KOHA)
Source of classification or shelving scheme Dewey Decimal Classification
Koha item type Books
Holdings
Lost status Source of classification or shelving scheme Damaged status Not for loan Collection code Permanent Location Current Location Shelving location Date acquired Source of acquisition Cost, normal purchase price Total Checkouts Full call number Date last seen Copy number Koha item type
  Dewey Decimal Classification   Not For Loan Fiction Central Library, University of Rajshahi Central Library, University of Rajshahi Reading Room 04/07/1955 Continental Pub. ltd. 8.00   820.9 GRB 1950 19/02/2014 C-1 Books
  Dewey Decimal Classification     Non-fiction Central Library, University of Rajshahi Central Library, University of Rajshahi   07/05/1954 U.B.D     820.9 GRB 1950 29/01/2017 C-2 Books